000 01456nam a2200313 i 4500
001 43765
003 ES-MaACL
005 20250809063454.0
007 t|
008 191108s1932 sp ||||1| spa d
080 _a94(100)"15/17"
245 0 3 _aLa época de la revolución religiosa :
_bla Reforma y la Contrarreforma : (1500-1660) /
_cpor Walter Goetz, Paul Joachimsen, Erich Marcks, Wilhelm Mommsen, Hans Heinrich Schader ; versión española de Manuel García Morente
260 _aMadrid :
_bEspasa-Calpe,
_c1932
300 _aXII, 708 páginas, [23] hojas (algunas plegadas) :
_bilustraciones (blanco y negro y color), mapas (blanco y negro y color) ;
_c27 cm
500 _aÍndice
594 _aEn anteportada: "Historia universal : desarrollo de la humanidad en la sociedad y el estado, en la economía y en la vida espiritual / dirigida por Walter Goetz "
650 7 _aHistoria moderna
_2embne
_913420
700 1 _aGoetz, Walter,
_d1867-1958
_eaut
_epbd
_957579
700 1 _aJoachimsem, Paul
_eaut
_9168684
700 1 _aMarcks, Erich,
_d1861-1938
_eaut
_9168685
700 1 _aMommsen, Wilhelm,
_d1892-1966
_eaut
_9168686
700 1 _aSchaeder, Hans Heinrich,
_d1896-1957
_eaut
_9168674
700 1 _aGarcía Morente, Manuel,
_d1886-1942
_etrl
_955002
852 4 _aES-MaACL
_cDEPO2
_jP-1045-5
852 4 _aES-MaACL
_cSPP2
_jF-15083
942 _2udc
_cMONOGRAFIA
_n0
999 _c43765
_d43765